| Tag |
First Indicator |
Second Indicator |
Subfields |
| LEADER |
00000cam a2200000 4500 |
| 001 |
in00000479021 |
| 005 |
20151013053450.0 |
| 008 |
740924m19359999cauh b 00110 eng |
| 010 |
|
|
|a 36027836
|
| 035 |
|
|
|a (OCoLC)01019579
|
| 035 |
|
|
|9 ACB9378AM
|
| 040 |
|
|
|c TOL
|d TXA
|d UtOrBLW
|
| 049 |
|
|
|a TXAM
|v 1 [1531565]
|
| 050 |
0 |
0 |
|a JX4044
|b .G68
|
| 100 |
1 |
|
|a Graham, Malbone W.
|q (Malbone Watson),
|d 1898-1965.
|
| 245 |
1 |
4 |
|a The diplomatic recognition of the border states /
|c By Malbone W. Graham.
|
| 264 |
|
1 |
|a [Berkeley] :
|b [University of California press],
|c [1935-]
|
| 300 |
|
|
|a volumes :
|b facsimiles ;
|c 24 cm.
|
| 336 |
|
|
|a text
|b txt
|2 rdacontent
|
| 337 |
|
|
|a unmediated
|b n
|2 rdamedia
|
| 338 |
|
|
|a volume
|b nc
|2 rdacarrier
|
| 490 |
1 |
|
|a Publications of the University of California at Los Angeles in social sciences. v. 3, no. 2
|
| 504 |
|
|
|a Bibliography: volume 1, pages 205-221.
|
| 505 |
0 |
|
|a 1. Finland.
|
| 650 |
|
0 |
|a Recognition (International law)
|
| 651 |
|
0 |
|a Finland
|x Politics and government
|y 1917-1945.
|
| 830 |
|
0 |
|a Publications of the University of California at Los Angeles in social sciences ;
|v v. 3, no. 2.
|
| 999 |
|
|
|a MARS
|
| 999 |
f |
f |
|s f0f4a7c0-2df0-3bed-959a-21956c801c54
|i 8e64a007-e41c-34ca-af7f-adc252e3c2e8
|t 0
|
| 952 |
f |
f |
|p ric
|a Texas A&M University
|b Rellis Campus
|c Joint Library Facility
|d Remote Storage
|t 0
|e JX4044 .G68
|h Library of Congress classification
|i unmediated -- volume
|k v.1
|m A14803144957
|
| 998 |
f |
f |
|a JX4044 .G68
|s v1
|t 0
|l Remote Storage
|